| Tag |
First Indicator |
Second Indicator |
Subfields |
| LEADER |
00000cas a2200000 4500 |
| 001 |
in00000063206 |
| 005 |
20151008051723.0 |
| 008 |
800508d19221933ilumr p 0uuua1eng d |
| 010 |
|
|
|a 27018152
|
| 035 |
|
|
|a (OCoLC)06293591
|
| 035 |
|
|
|9 AAG9605AM
|
| 040 |
|
|
|a TXA
|c TXA
|d UtOrBLW
|
| 049 |
|
|
|a TXAE
|
| 090 |
|
|
|a SK1
|b .O65
|
| 245 |
0 |
0 |
|a Outdoor America.
|
| 247 |
0 |
0 |
|a Izaak Walton League monthly
|f Aug. 1922-Aug. 1923
|
| 247 |
0 |
0 |
|a Outdoor America
|f Oct. 1923-May 1933
|
| 264 |
|
1 |
|a [Chicago] :
|b Izaak Walton League of America.
|
| 300 |
|
|
|a 11 volumes :
|b illustrations
|
| 310 |
|
|
|a Monthly
|
| 321 |
|
|
|a Bimonthly,
|b v. 11
|
| 336 |
|
|
|a text
|b txt
|2 rdacontent
|
| 337 |
|
|
|a unmediated
|b n
|2 rdamedia
|
| 338 |
|
|
|a volume
|b nc
|2 rdacarrier
|
| 362 |
0 |
|
|a v. 1-11; Aug. 1922-Apr./May 1933.
|
| 515 |
|
|
|a No number was issued for Sept. 1923.
|
| 580 |
|
|
|a Superseded by the National Waltonian, later Outdoor America.
|
| 650 |
|
0 |
|a Outdoor life
|v Periodicals.
|
| 650 |
|
0 |
|a Natural resources
|v Periodicals.
|
| 710 |
2 |
|
|a Izaak Walton League of America.
|
| 785 |
1 |
2 |
|t National Waltonian
|
| 999 |
|
|
|a MARS
|
| 999 |
f |
f |
|s aef186e5-0b49-335d-aaff-b8ed9d4bea9e
|i 8ccd1a73-6dc8-32a9-b375-d062467689f3
|t 0
|
| 952 |
f |
f |
|p ric
|a Texas A&M University
|b Rellis Campus
|c Joint Library Facility
|d Remote Storage
|t 0
|e SK1 .O65
|h Library of Congress classification
|i unmediated -- volume
|k v.11:no.1-4
|l 1932:Aug./Sept.-1933:Feb./Mar.
|m A14833809375
|
| 952 |
f |
f |
|p ric
|a Texas A&M University
|b Rellis Campus
|c Joint Library Facility
|d Remote Storage
|t 0
|e SK1 .O65
|h Library of Congress classification
|i unmediated -- volume
|k v.4
|l 1925:Aug.-1926:July
|m A14841166993
|
| 952 |
f |
f |
|p ric
|a Texas A&M University
|b Rellis Campus
|c Joint Library Facility
|d Remote Storage
|t 0
|e SK1 .O65
|h Library of Congress classification
|i unmediated -- volume
|k v.9:no.1-6,8-12
|l 1930:Aug.-Jan.,Mar.-July
|m A14841167444
|
| 952 |
f |
f |
|p ric
|a Texas A&M University
|b Rellis Campus
|c Joint Library Facility
|d Remote Storage
|t 0
|e SK1 .O65
|h Library of Congress classification
|i unmediated -- volume
|k v.6:no.1-4,6
|l 1927-28: Aug.-Nov.,Jan.
|m A14812048647
|
| 952 |
f |
f |
|p ric
|a Texas A&M University
|b Rellis Campus
|c Joint Library Facility
|d Remote Storage
|t 0
|e SK1 .O65
|h Library of Congress classification
|i unmediated -- volume
|k v.5:no.1-3,5
|l 1926:Aug.-Oct.,Dec.
|m A14841167004
|
| 952 |
f |
f |
|p ric
|a Texas A&M University
|b Rellis Campus
|c Joint Library Facility
|d Remote Storage
|t 0
|e SK1 .O65
|h Library of Congress classification
|i unmediated -- volume
|k v.8
|l 1929-1930
|m A14837520135
|
| 952 |
f |
f |
|p ric
|a Texas A&M University
|b Rellis Campus
|c Joint Library Facility
|d Remote Storage
|t 0
|e SK1 .O65
|h Library of Congress classification
|i unmediated -- volume
|k v.7:no.1-4,6-12
|l 1928 :Aug.- 1929:July
|m A14837520012
|
| 952 |
f |
f |
|p ric
|a Texas A&M University
|b Rellis Campus
|c Joint Library Facility
|d Remote Storage
|t 0
|e SK1 .O65
|h Library of Congress classification
|i unmediated -- volume
|k v.6:no.8-12
|l 1928
|m A14812048697
|
| 952 |
f |
f |
|p ric
|a Texas A&M University
|b Rellis Campus
|c Joint Library Facility
|d Remote Storage
|t 0
|e SK1 .O65
|h Library of Congress classification
|i unmediated -- volume
|k v.10
|l 1931-1932
|m A14837520143
|
| 952 |
f |
f |
|p ric
|a Texas A&M University
|b Rellis Campus
|c Joint Library Facility
|d Remote Storage
|t 0
|e SK1 .O65
|h Library of Congress classification
|i unmediated -- volume
|k v.5:no.6-12
|l 1927
|m A14813882507
|
| 998 |
f |
f |
|a SK1 .O65
|s v.11:no.1-4 (1932:Aug./Sept.-1933:Feb./Mar.)
|t 0
|l Remote Storage
|